Missing a Name Quiz Stats

 Plays Quiz Updated Oct 18, 2018

Support Sporcle.
Go Orange.
Score 0/30 Timer 05:00
6 Plays Today
% Correct
Luther
97.5%
Allan
95.7%
Jessica
95.6%
Graham
94.3%
Ray
93.9%
Lee
92.3%
Love
91.8%
Amadeus
88.5%
Delano
88.2%
Fitzgerald
86.9%
Wilkes
86.4%
Baron
84.5%
Sebastian
83.8%
Jean
82.5%
Quincy
82.2%
% Correct
Earl
81.3%
Bonham
77.3%
Conan
77.2%
Saint
76.2%
Lloyd
75.1%
Waldo
73.5%
Louis
73.3%
Beecher
72.7%
May
72.7%
Ford
72.6%
Bernard
72.1%
Washington
67.3%
Scott
50.4%
Rice
39.8%
Makepeace
26.6%

From the Vault

7 to 1: Top 5 Hits by Duos

by DesertSpartan

Music 5m
Three's a crowd, and that's why it's not 'Hits by Trios'.
Remove Ads.
Support Sporcle.
Get the best of Sporcle when you Go Orange. This ad-free experience offers more features, more stats, and more fun while also helping to support Sporcle. Thank you for becoming a member.

Show Comments

Extras

Top Quizzes Today


Score Distribution

Your Account Isn't Verified!

In order to create a playlist on Sporcle, you need to verify the email address you used during registration. Go to your Sporcle Settings to finish the process.

Report this User

Report this user for behavior that violates our Community Guidelines.

Details: